书目信息 |
| 题名: |
动物生物制品安全应用关键技术
|
|
| 作者: | 乔宏兴 , 马辉 主编 | |
| 分册: | ||
| 出版信息: | 郑州 中原农民出版社 2017.4 |
|
| 页数: | 304页 | |
| 开本: | 23cm | |
| 丛书名: | 畜禽产品安全生产综合配套技术丛书 | |
| 单 册: | ||
| 中图分类: | S859.79 | |
| 科图分类: | ||
| 主题词: | 兽医学--生物制品--安全技术 | |
| 电子资源: | ||
| ISBN: | 978-7-5542-1614-9 | |
| 000 | 00971nam 2200265 450 | |
| 001 | 0400002012 | |
| 005 | 20171019214815.0 | |
| 010 | @a978-7-5542-1614-9@dCNY39.00 | |
| 100 | @a20170427e2017 em y0chiy50 ea | |
| 101 | 0 | @achi |
| 102 | @aCN@b410000 | |
| 105 | @aa z 000yy | |
| 106 | @ar | |
| 200 | 1 | @a动物生物制品安全应用关键技术@9dong wu sheng wu zhi pin an quan ying yong guan jian ji shu@f乔宏兴,马辉主编 |
| 210 | @a郑州@c中原农民出版社@d2017.4 | |
| 215 | @a304页@c图@d23cm | |
| 225 | 1 | @a畜禽产品安全生产综合配套技术丛书 |
| 330 | @a本书共七章,第一章动物生物制品基础知识;第二章动物生物制品的免疫学技术;第三章动物生物制品的安全生产技术;第四章预防类动物生物制品的安全应用技术等。 | |
| 461 | 0 | @12001 @a畜禽产品安全生产综合配套技术丛书 |
| 606 | 0 | @a兽医学@x生物制品@x安全技术 |
| 690 | @aS859.79@v5 | |
| 701 | 0 | @a乔宏兴@9qiao hong xing@4主编 |
| 701 | 0 | @a马辉@9ma hui@4主编 |
| 801 | 0 | @aCN@b91MARC@c20171019 |
| 905 | @b1026161-5@dS859.79@f5@e142 | |
| 动物生物制品安全应用关键技术/乔宏兴,马辉主编.-郑州:中原农民出版社,2017.4 |
| 304页:图;23cm.-(畜禽产品安全生产综合配套技术丛书) |
| ISBN 978-7-5542-1614-9:CNY39.00 |
| 本书共七章,第一章动物生物制品基础知识;第二章动物生物制品的免疫学技术;第三章动物生物制品的安全生产技术;第四章预防类动物生物制品的安全应用技术等。 |
| ● |
| 相关链接 |
|
|
|
|
正题名:动物生物制品安全应用关键技术
索取号:S859.79/142
 
预约/预借
| 序号 | 登录号 | 条形码 | 馆藏地/架位号 | 状态 | 备注 |
| 1 | 1026161 | 210261615 | 第二样本阅览室/ [索取号:S859.79/142] | 在馆 | |
| 2 | 1026162 | 210261624 | 密集书库-生命科学系/ [索取号:S859.79/142] | 在馆 | |
| 3 | 1026163 | 210261633 | 第三借阅区/ [索取号:S859.79/142] | 在馆 | |
| 4 | 1026164 | 210261642 | 第三借阅区/ [索取号:S859.79/142] | 在馆 | |
| 5 | 1026165 | 210261651 | 第三借阅区/ [索取号:S859.79/142] | 在馆 |